• 首页
  • 本馆介绍
  • 公告通知
  • 最新文献
  • 馆藏检索
  • 电子资源
  • 读者导购
  • 参考咨询
  • 我的图书馆
  • 登录
  • 详细信息显示
  • 放入我的书架
  • 预约/预借图书
  • 作者相关作品
  • 分类相关作品
  • 丛书相关作品
  • 出版社相关作品

书目信息

  • 表格格式
  • 工作单格式
  • 卡片格式
题名:
循环冷却水系统设计指南
    
 
作者: 水浩然 主编
分册:  
出版信息: 北京   中国建材工业出版社  2019
页数: 120页
开本: 24cm
丛书名:
单 册:
中图分类: TV137-62
科图分类:
主题词: 冷却水--leng que shui--冷却系统--系统设计--指南
电子资源:
ISBN: 978-7-5160-2503-1
000 01207nam0 2200265 450
001 012001002321
005 20131110145309.0
010    @a978-7-5160-2503-1@dCNY68.00
099    @aCAL 012019094119
100    @a20190728d2019 em y0chiy50 ea
101 0  @achi
102    @aCN@b110000
105    @aak a 000yy
106    @ar
200 1  @a循环冷却水系统设计指南@Axun huan leng que shui xi tong she ji zhi nan@f主编水浩然
210    @a北京@c中国建材工业出版社@d2019
215    @a120页@c图@d24cm
314    @a水浩然, 给排水专业教授级高工, 清华大学土建系给排水专业67届毕业生。
320    @a有书目 (第120页)
330    @a我国是水资源短缺的国家, 水的循环利用国家的重要战略。冷却水系统常常在大型公共建筑和工业领域应用, 可节约总用水量的90%以上。所以, 为了节约水资源, 循环冷却水系统在各领域都是必须采取的手段。本书内容包括循环冷却水系统及原理、循环冷却水水质处理的基本内容、水量平衡与计算、水质处理方法介绍、循环冷却水设备设计选型与计算、循环冷却水系统的运行管理、设计计算例题、循环水工程案例、附录。
606 0  @a冷却水@Aleng que shui@x冷却系统@x系统设计@j指南
690    @aTV137-62@v5
701  0 @a水浩然@Ashui hao ran@4主编
801  0 @aCN@b北京卓展@c20191020
905    @b1205261-4@dTV137-62@e84@f4
    
    循环冷却水系统设计指南/主编水浩然.-北京:中国建材工业出版社,2019
    120页:图;24cm
    
    
    ISBN 978-7-5160-2503-1:CNY68.00
    我国是水资源短缺的国家, 水的循环利用国家的重要战略。冷却水系统常常在大型公共建筑和工业领域应用, 可节约总用水量的90%以上。所以, 为了节约水资源, 循环冷却水系统在各领域都是必须采取的手段。本书内容包括循环冷却水系统及原理、循环冷却水水质处理的基本内容、水量平衡与计算、水质处理方法介绍、循环冷却水设备设计选型与计算、循环冷却水系统的运行管理、设计计算例题、循环水工程案例、附录。
●
相关链接 在E读中查询图书 在五车中查询图书 在当当中查询图书 在豆瓣中查询图书


正题名:循环冷却水系统设计指南     索取号:TV137-62/84         预约/预借

序号 登录号 条形码 馆藏地/架位号 状态 备注
1 1205261   212052614   第二样本阅览室/ [索取号:TV137-62/84] 在馆    
2 1205262   212052623   第三借阅区/ [索取号:TV137-62/84] 在馆    
3 1205263   212052632   第三借阅区/ [索取号:TV137-62/84] 在馆    
4 1205264   212052641   第三借阅区/ [索取号:TV137-62/84] 在馆    
唐山师范学院图书馆 欢迎您!
大连网信软件有限公司© 版权所有